[Event "Albin Counter Gambit"]
[Site "SchemingMind.com"]
[Date "2010.01.03"]
[Round "-"]
[White "XTC"]
[Black "keme1"]
[Result "0-1"]
[WhiteCountry "COL"]
[BlackCountry "HUN"]
[WhiteElo "1818"]
[WhiteRD "48"]
[BlackElo "2044"]
[BlackRD "104"]
[GameID "233331"]

1. d4 d5 2. c4 e5 3. dxe5 d4 4. e3 Bb4+ 5. Bd2 dxe3 6. fxe3 Nc6 7. Nf3 Nge7 8. Qa4 Bxd2+ 9. Nbxd2 O-O 10. Qb3 Ng6
11. Be2 Ngxe5 12. O-O Nxf3+ 13. Nxf3 Qe7 14. Rae1 Re8 15. Bd3 g6 16. a3 a5 17. Qb5 Bg4 18. Qxb7 Bxf3 19. gxf3 Ne5 20. Qe4 Rad8
21. Be2 Qg5+ 22. Kh1 Nd3 23. Qxe8+ Rxe8 24. Bxd3 Rd8 25. Be4 Rd2 26. f4 Qe7 27. Bd5 Rxb2 28. a4 Qb4
0-1

[Event "Albin Counter Gambit"]
[Site "SchemingMind.com"]
[Date "2010.01.02"]
[Round "-"]
[White "lemmie"]
[Black "keme1"]
[Result "0-1"]
[WhiteCountry "NED"]
[BlackCountry "HUN"]
[WhiteElo "1630"]
[WhiteRD "48"]
[BlackElo "2044"]
[BlackRD "104"]
[GameID "233333"]

1. d4 d5 2. c4 e5 3. dxe5 d4 4. e4 Nc6 5. Nf3 Bg4 6. h3 Bxf3 7. Qxf3 Nxe5 8. Qf5 Bb4+ 9. Nd2 Bd6 10. a3 g6
0-1

[Event "Albin Counter Gambit"]
[Site "SchemingMind.com"]
[Date "2010.01.07"]
[Round "-"]
[White "Schaakmaatje"]
[Black "keme1"]
[Result "0-1"]
[WhiteCountry "NED"]
[BlackCountry "HUN"]
[WhiteElo "1680"]
[WhiteRD "47"]
[BlackElo "2044"]
[BlackRD "104"]
[GameID "233334"]

1. d4 d5 2. c4 e5 3. dxe5 d4 4. Nf3 Nc6 5. Bf4 Nge7 6. e3 Bg4 7. Be2 dxe3 8. Bxe3 Qxd1+ 9. Bxd1 O-O-O 10. Nbd2 Ng6
11. O-O Ngxe5 12. Nxe5 Nxe5 13. Rc1 Be6 14. Be2 Bc5 15. Nb3 Bxe3 16. fxe3 Rhe8 17. Nd4 c5 18. Nxe6 Rxe6 19. Rcd1 Red6 20. Rxd6 Rxd6
21. Kf2 Rd2 22. b3 Rxa2 23. h3 Rb2
0-1

[Event "Albin Counter Gambit"]
[Site "SchemingMind.com"]
[Date "2010.01.02"]
[Round "-"]
[White "Lucas the Pirate"]
[Black "keme1"]
[Result "1-0"]
[WhiteCountry "ISR"]
[BlackCountry "HUN"]
[WhiteElo "1833"]
[WhiteRD "77"]
[BlackElo "1975"]
[BlackRD "104"]
[GameID "233335"]

1. d4 d5 2. c4 e5 3. dxe5 d4 4. Nf3 Nc6 5. g3 Nge7 6. Bg2 Ng6 7. Bg5 Bb4+ 8. Nbd2 Be7 9. Bxe7 Qxe7 10. O-O Rb8
11. Nb3 O-O 12. Nbxd4 Ngxe5 13. Nxe5 Nxe5 14. Qc2 c5 15. Nb5 Be6 16. b3 a6 17. Nc3 b5 18. Nd5 Bxd5 19. Bxd5 Rfd8 20. Rad1 Ng4=
21. Rd3 Qe5 22. Rfd1 Qc7 23. Qd2 Rd7 24. Qg5 Nf6 25. e4 Re8 26. Qf5 Rde7 27. Kg2 b4 28. f3 Re5 29. Qf4 a5 30. R3d2 Nh5
31. Qe3 Nf6 32. f4 Rh5 33. h4 Rh6 34. e5 Rg6 35. Bf3 Ng4 36. Bxg4 Rxg4 37. Rd5 Qe7 38. Rd7 Qf8 39. R1d5 Re6 40. Rd8 Re8
41. Qd3 Rg6 42. Rxe8
1-0

[Event "Albin Counter Gambit"]
[Site "SchemingMind.com"]
[Date "2010.01.03"]
[Round "-"]
[White "memet"]
[Black "keme1"]
[Result "0-1"]
[WhiteCountry "TUR"]
[BlackCountry "HUN"]
[WhiteElo "1560"]
[WhiteRD "67"]
[BlackElo "2044"]
[BlackRD "104"]
[GameID "233336"]

1. d4 d5 2. c4 e5 3. cxd5 e4 4. Nc3 Nf6 5. Bg5 Nbd7 6. Nxe4 Nxe4 7. Bxd8 Bb4+ 8. Qd2 Bxd2+ 9. Kd1 Nxf2+ 10. Kxd2 Kxd8
11. Nf3 Nxh1 12. Ne5 Nxe5 13. dxe5 Nf2 14. h3 Ne4+ 15. Ke3 Ng3 16. Kf2 Nxf1 17. Rxf1 Re8 18. Ke1 Ke7 19. Kd2 Rd8
0-1

[Event "Albin Counter Gambit"]
[Site "SchemingMind.com"]
[Date "2010.01.02"]
[Round "-"]
[White "Gabi1"]
[Black "keme1"]
[Result "0-1"]
[WhiteCountry "GER"]
[BlackCountry "HUN"]
[WhiteElo "1562"]
[WhiteRD "78"]
[BlackElo "2044"]
[BlackRD "104"]
[GameID "233337"]

1. d4 d5 2. c4 e5 3. dxe5 d4 4. Nf3 Nc6 5. e3 Bb4+ 6. Bd2 dxe3 7. fxe3 Nh6 8. Qa4 Bxd2+ 9. Nbxd2 O-O 10. Bd3 Qxd3
11. Qb3 Qxb3 12. axb3 Bg4 13. O-O Bxf3 14. Rxf3 Nxe5 15. Rf4 a6 16. Ne4 Rfe8 17. Rd1 Rad8 18. Rxd8 Rxd8 19. Nc3 c6 20. Rd4 Rxd4
21. exd4 Nd3 22. d5 cxd5 23. cxd5 Kf8 24. d6 Ke8 25. Ne4 Kd7 26. Kf1 f6 27. Ke2 Nf4+ 28. Kf3 Ne6 29. b4 Nf5 30. b5 Nxd6
31. bxa6 bxa6 32. b4 Nxe4 33. Kxe4 Kd6 34. g4 Nc7 35. Kf5 Nd5
0-1

[Event "Albin Counter Gambit"]
[Site "SchemingMind.com"]
[Date "2010.01.02"]
[Round "-"]
[White "somar96"]
[Black "keme1"]
[Result "0-1"]
[WhiteCountry "POL"]
[BlackCountry "HUN"]
[WhiteElo "1890"]
[WhiteRD "56"]
[BlackElo "2044"]
[BlackRD "104"]
[GameID "233338"]

1. d4 d5 2. c4 e5 3. dxe5 d4 4. Nf3 Nc6 5. Bf4 Nge7 6. g3 Ng6 7. Bg2 Be7 8. O-O Nxf4 9. gxf4 O-O 10. Nbd2 Bf5
11. Qb3 Rb8 12. Rad1 h6 13. e4 Bg4 14. h3 Bh5 15. a3 Qd7 16. Qd3 a5 17. Rc1 a4 18. f5 Bc5 19. h4 Qe7 20. Rce1 Nxe5
21. Nxe5 Qxe5 22. f4 Qf6 23. e5 Qxh4 24. Ne4 b6 25. f6 Bg6 26. f5 Bxf5 27. fxg7 Kxg7 28. Qf3 Be6 29. Rf2 Rg8 30. Nxc5 bxc5
31. Re4 Qg5 32. Kh1 Rb3 33. Qf6+ Kh7 34. Qxg5 Rxg5 35. Rf6 Rxb2 36. Bf3 Kg7 37. Rh4 Rxe5 38. Bg2 Kxf6 39. Rxh6+ Kg7 40. Rh4 Re1+
41. Kh2 Ree2 42. Rg4+ Bxg4 43. Kg3 Rxg2+ 44. Kf4 Kf6 45. Ke4 Bf5+ 46. Kd5 d3 47. Kxc5 d2 48. Kc6 d1=Q 49. Kxc7 Ke7 50. c5 Qd7#
0-1